=LDR 00000nam 2200000 4500 =001 INLIS000000000031968 =005 20130612134015 =008 ***********************************ind** =035 ##$$0010-061300000031968 =041 ##$$a ind =082 ##$$a 813 =090 ##$$a 813, Sya b =100 ##$$a Syafei, Mokhamad =245 ##$$a Bukan Sekedar basa-Basi, Mochamad Syafei =260 ##$$a 2000 $b [sl] =300 ##$$a ix,94 hlm, Ilus, 21 cm =650 ##$$a Fiksi Indonesia-Anak =850 ##$$a NBPNMAT